000 01157njm a22003017a 4500
005 20100917160954.0
006 a|||||r|||||00| 0
007 sd ammalaaahaa
008 100831t xxu||||| |||| 00| 0 eng d
028 _bHis Master's Voice
_aMPLP. 1185
035 _aGR-05127
040 _aSED
_cSED
100 _aMangeshkar, Lata
_917690
245 _aआरती /
_cby Lata Mangeshkar ; music by Roshan; lyrics Majrooh
_h[Sound Recording] :
246 _aआरती /लता मंगेशकर द्वारा
260 _aDum Dum India
_bHis Master's Voice
_c1982
300 _a1 sound disc (Gramophone Recording)
_banalog 33 1/3 rpm
_c12 in. (LP)
_fGramophone Record
500 _aBrief Record
500 _aRecord label:His Master's Voice;Red
505 _aSide-1 Aapne yaad dilaya to mujhe-- Side-2 Ab me kya misaal du tere shabab ki(Mohd Rafi)
600 _aKapoor, Mahendra
_920600
650 _aFilm songs
_xExcerpts
_zIndia
_917691
700 _aRoshan
_920848
700 _920850
_aMahrooh
700 _920849
942 _2ddc
_cGR
999 _c47174
_d47174